00973cam a22002531 4500001001300000003000400013005001700017008004100034010001700075035001900092040005500111042001200166050002200178100003300200245005400233260004800287300008600335490006900421500005100490500007400541504002400615650003300639830004700672gs 14000777 DLC20260227111316.0761013s1913 oncabf b 000 0 eng c ags 14000777  a(OCoLC)2499582 aLibrary, U.S. GeologicalcOGraDdOCoLCdNSbSUdDLC apremarc00aQE185b.A2 no. 391 aWilson, Morley Evans,d1882-10aKewagama lake map-area, Quebec,cby M. E. Wilson. aOttawa,bGovernment Printing Bureau,c1913. avi, 139 p.billus., XXIX pl. (incl. front.) fold. map (in pocket) diagrs.c25 cm.1 aCanada. Geological Survey. Memoir 39; Geological series,vno. 35 aAt head of title: Canada. Department of Mines. a"Classified list of recent reports of Geological Survey": p. 135-139. aBibliography: p. 8. 0aGeologyzQuébec (Province) 0aMemoir (Geological Survey of Canada) ;v39